000 00227nam a22000977a 4500
082 _a823
_bBLY/M
100 _aBLYTON, ENID
245 _aMR.MEDDLES'S MISCHIEF
246 _aMR.MEDDLES'S MISCHIEF
_bMR.MEDDLES'S MISCHIEF
942 _cBK
999 _c8372
_d8372